<A> simple method for the adjustment of profile Qikelihoods.

Návrh jednoduchého upresnenia pravdepodobnosti. Dve metódy zjednodušenia zložitého výpočtu. Príklady a porovnanie s výsledkami metód Coxa a Reida.

Salvato in:
Dettagli Bibliografici
Autore principale: Mac Cullagh, P.
Altri autori: Tibshirani, Robert
Natura: Capitolo di libro
Lingua:inglese
Soggetti:
Tags: Aggiungi Tag
Nessun Tag, puoi essere il primo ad aggiungerne!!

MARC

LEADER 00000naa a2200000 4500
001 r006171
005 20220819193424.4
041 0 |a eng 
044 |a GB 
245 1 0 |a <A> simple method for the adjustment of profile Qikelihoods.  |c P. Mac Cullagh, R. Tibshirani 
520 |a Návrh jednoduchého upresnenia pravdepodobnosti. Dve metódy zjednodušenia zložitého výpočtu. Príklady a porovnanie s výsledkami metód Coxa a Reida. 
610 2 0 |a pravdepodobnosť 
610 2 0 |a metódy matematicko-štatistické 
100 1 |a Mac Cullagh, P. 
700 1 |a Tibshirani, Robert